000
00226nam a22000857a 4500
008
160804b xxu||||| |||| 00| 0 eng d
100
_9
16
_a
Malhotra S
245
_a
Everyday Science-VIII
260
_a
New Delhi
_b
Frank Publication
_c
2012
999
_c
2666
_d
2666